|
|
|
|
| LEADER |
02615nam a2200373 a 4500 |
| 001 |
17786 |
| 003 |
BD-DhAAL |
| 008 |
090826s1988 nyu b 001 0 eng d |
| 010 |
|
|
|a \\\86033216
|
| 020 |
|
|
|a 0024041513
|
| 020 |
|
|
|a 0029466202 (International ed.)
|
| 020 |
|
|
|a 9788131711057
|
| 040 |
|
|
|a DLC
|c DLC
|d DLC
|d BD-DhAAL
|
| 082 |
0 |
0 |
|a 515.8
|2 19
|
| 100 |
1 |
|
|a Royden, H. L.
|9 55355
|
| 245 |
1 |
0 |
|a Real analysis /
|c H.L. Royden.
|
| 250 |
|
|
|a Third edition.
|
| 260 |
|
|
|a New York :
|b Macmillan ;
|a London :
|b Collier Macmillan ;
|a New Delhi :
|b Pearson Education,
|c c1988.
|
| 300 |
|
|
|a xvii, 444 pages ;
|c 25 cm
|
| 504 |
|
|
|a Includes bibliographical references (pages 435-436) and index.
|
| 526 |
|
|
|a MNS
|x Fardousi Ara Begum
Faculty Member of BRAC University
Course Name : Real Analysis I (MAT 221)
|
| 541 |
1 |
|
|e 17786, 17787, 17788, 18640
|a Paragon Enterprises LTD.
|
| 650 |
|
0 |
|a Functions of real variables.
|9 31559
|
| 650 |
|
0 |
|a Functional analysis.
|
| 650 |
|
0 |
|a Measure theory.
|9 55356
|
| 852 |
4 |
|
|a Ayesha Abed Library
|c General Stacks
|
| 942 |
0 |
0 |
|0 5
|2 ddc
|c BK
|
| 999 |
|
|
|c 3563
|d 3563
|
| 952 |
|
|
|0 0
|1 0
|2 ddc
|4 0
|6 515_800000000000000_ROY_2009
|7 0
|9 3235
|a BRACUL
|b BRACUL
|c GEN
|d 2009-09-02
|e Paragon Enterprises LTD
|g 280.00
|l 7
|m 51
|o 515.8 ROY
|p 3010017786
|r 2023-06-17
|s 2022-12-15
|t 1
|v 560.00
|w 2009-09-02
|y BK
|x Requisitioned by Ferdousi Ara Begum (Faculty Member of BRAC University) for the course named- "Real Analysis I (MAT 221)".
|
| 952 |
|
|
|0 0
|1 0
|2 ddc
|4 0
|6 515_800000000000000_ROY_2009
|7 0
|9 7672
|a BRACUL
|b BRACUL
|c GEN
|d 2010-02-01
|l 4
|m 25
|o 515.8 ROY
|p 3010018640
|r 2024-06-30
|s 2024-02-13
|t 5
|w 2010-02-01
|y BK
|
| 952 |
|
|
|0 0
|1 0
|2 ddc
|4 0
|6 515_800000000000000_ROY_2009
|7 0
|9 7885
|a BRACUL
|b BRACUL
|c GEN
|d 2010-02-09
|l 7
|m 48
|o 515.8 ROY
|p 3010018641
|r 2025-05-23
|s 2025-02-17
|t 6
|w 2010-02-09
|y BK
|
| 952 |
|
|
|0 0
|1 0
|2 ddc
|4 0
|6 515_800000000000000_ROY_2009
|7 0
|9 8851
|a BRACUL
|b BRACUL
|c GEN
|d 2010-03-29
|e Paragon Enterprises LTD
|g 280.00
|l 5
|m 37
|o 515.8 ROY
|p 3010017788
|r 2023-01-03
|s 2022-10-31
|t 3
|w 2010-03-29
|y BK
|x Requisitioned by Ferdousi Ara Begum (Faculty Member of BRAC University) for the course named- "Real Analysis I (MAT 221)".
|
| 952 |
|
|
|0 0
|1 0
|2 ddc
|4 0
|6 515_800000000000000_ROY_2009
|7 0
|9 9032
|a BRACUL
|b BRACUL
|c GEN
|d 2010-04-07
|l 6
|m 60
|o 515.8 ROY
|p 3010018639
|r 2025-08-04
|s 2024-10-23
|t 4
|w 2010-04-07
|y BK
|
| 952 |
|
|
|0 0
|1 0
|2 ddc
|4 0
|6 515_800000000000000_ROY_2009
|7 0
|9 9475
|a BRACUL
|b BRACUL
|c GEN
|d 2010-04-27
|e Paragon Enterprises LTD
|g 280.00
|l 7
|m 41
|o 515.8 ROY
|p 3010017787
|q 2026-06-02
|r 2026-04-26
|s 2026-04-26
|t 2
|w 2010-04-27
|y BK
|x Requisitioned by Ferdousi Ara Begum (Faculty Member of BRAC University) for the course named- "Real Analysis I (MAT 221)".
|